000
nam a22 7a 4500
999
_c
329333
_d
329333
003
Nust
005
20170503114227.0
008
170503b xxu||||| |||| 00| 0 eng d
040
_c
DLC
082
_a
823.914 COE
100
_4
Coetzee, John
245
_a
Dance of the Freakygreen Gold
942
_2
ddc
_c
BK